|
|
|
|
| LEADER |
01746nam a2200457 a 4500 |
| 001 |
000662148 |
| 003 |
CZ BrMZK |
| 005 |
20030410170534.0 |
| 007 |
ta |
| 008 |
030319s2001 xr ae f 000 0 cze d |
| 015 |
|
|
|a cnb001008515
|
| 020 |
|
|
|a 80-902672-1-1
|q (váz.)
|
| 035 |
|
|
|a (OCoLC)85013195
|
| 040 |
|
|
|a BOA001
|b cze
|
| 043 |
|
|
|a e-xr---
|b e-xr-pg
|2 czenas
|
| 080 |
|
|
|a (048.8)
|2 MRF
|
| 080 |
|
|
|a (084.11)
|2 MRF
|
| 080 |
|
|
|a 725.17
|2 MRF
|
| 080 |
|
|
|a 72.034.7
|2 MRF
|
| 080 |
|
|
|a 72/76.05
|2 MRF
|
| 080 |
|
|
|a (437.311)
|2 MRF
|
| 100 |
1 |
|
|a Horyna, Mojmír,
|d 1945-2011
|7 jn20001031003
|4 aut
|
| 245 |
1 |
0 |
|a Černínský palác v Praze /
|c Mojmír Horyna, Pavel Zahradník, Pavel Preiss ; fotografie Pavel Štecha, Radovan Boček
|
| 250 |
|
|
|a 1. vyd.
|
| 260 |
|
|
|a Praha :
|b Opus,
|c 2001
|
| 300 |
|
|
|a 351 s. :
|b barev. il. ;
|c 33 cm
|
| 500 |
|
|
|a Vydáno ve spolupráci s Ministerstvem zahraničních věcí České republiky
|
| 504 |
|
|
|a Obsahuje bibliografii a rejstřík
|
| 610 |
2 |
7 |
|a Černínský palác (Praha, Česko)
|7 kn20020322367
|2 czenas
|
| 650 |
0 |
7 |
|a paláce
|7 ph123916
|z Praha (Česko)
|y dějiny
|2 czenas
|
| 650 |
0 |
7 |
|a barokní architektura
|7 ph118759
|z Praha (Česko)
|2 czenas
|
| 650 |
0 |
7 |
|a umělecká výzdoba
|7 ph136757
|2 czenas
|
| 655 |
|
7 |
|a monografie
|7 fd132842
|2 czenas
|
| 655 |
|
7 |
|a obrazové publikace
|7 fd132947
|2 czenas
|
| 700 |
1 |
|
|a Štecha, Pavel,
|d 1944-2004
|7 jn20000402879
|4 pht
|
| 700 |
1 |
|
|a Boček, Radovan,
|d 1963-
|7 jn20000400245
|4 pht
|
| 700 |
1 |
|
|a Zahradník, Pavel,
|d 1951-
|7 jn20011018929
|4 aut
|
| 700 |
1 |
|
|a Preiss, Pavel,
|d 1926-2023
|7 jk01101030
|4 aut
|
| 910 |
|
|
|a BOA001
|b 4-1112.742
|
| 990 |
|
|
|a BK
|
| 996 |
6 |
|
|b 2610184332
|c 4-1112.742
|l MZK
|r Sklad / do 1 hodiny
|n 5
|p p.v.
|w 000662148
|u 000010
|a 1
|e BOA001
|j MZK50
|s P
|